|
|
|
|
| LEADER |
01589nam a2200433 a 4500 |
| 001 |
EBC909416 |
| 003 |
MiAaPQ |
| 005 |
20200520144314.0 |
| 006 |
m o d | |
| 007 |
cr cn||||||||| |
| 008 |
100817s2011 nyu sb 001 0 eng d |
| 010 |
|
|
|z 2010033569
|
| 020 |
|
|
|z 9780231150682 (cloth : alk. paper)
|
| 020 |
|
|
|a 9780231521567 (electronic bk.)
|
| 035 |
|
|
|a (MiAaPQ)EBC909416
|
| 035 |
|
|
|a (Au-PeEL)EBL909416
|
| 035 |
|
|
|a (CaPaEBR)ebr10440283
|
| 035 |
|
|
|a (CaONFJC)MIL299039
|
| 035 |
|
|
|a (OCoLC)704519890
|
| 040 |
|
|
|a MiAaPQ
|c MiAaPQ
|d MiAaPQ
|
| 041 |
1 |
|
|a eng
|h pol
|
| 050 |
|
4 |
|a HF1025
|b .K58413 2011
|
| 082 |
0 |
4 |
|a 330
|2 22
|
| 100 |
1 |
|
|a Koodko, Grzegorz W.
|
| 240 |
1 |
0 |
|a Wedrujacy swiat.
|l English
|
| 245 |
1 |
0 |
|a Truth, errors, and lies
|h [electronic resource] :
|b politics and economics in a volatile world /
|c Grzegorz W. Kolodko ; translated from the Polish by William R. Brand.
|
| 260 |
|
|
|a New York :
|b Columbia University Press,
|c c2011.
|
| 300 |
|
|
|a x, 460 p.
|
| 504 |
|
|
|a Includes bibliographical references and index.
|
| 533 |
|
|
|a Electronic reproduction. Ann Arbor, MI : ProQuest, 2015. Available via World Wide Web. Access may be limited to ProQuest affiliated libraries.
|
| 650 |
|
0 |
|a Economic geography.
|
| 650 |
|
0 |
|a Economic development.
|
| 650 |
|
0 |
|a Economic policy.
|
| 650 |
|
0 |
|a Economic history.
|
| 650 |
|
0 |
|a Economic forecasting.
|
| 655 |
|
4 |
|a Electronic books.
|
| 700 |
1 |
|
|a Brand, William R.
|
| 710 |
2 |
|
|a ProQuest (Firm)
|
| 856 |
4 |
0 |
|u https://ebookcentral.proquest.com/lib/matrademy/detail.action?docID=909416
|z Click to View
|